Salomon v Akiens (Record no. 41781)

MARC details
000 -LEADER
fixed length control field 01408cab a2200241 4500
001 - CONTROL NUMBER
control field ABS48457
008 - FIXED-LENGTH DATA ELEMENTS--GENERAL INFORMATION
fixed length control field 090401t1993 xxu||||| |||| 00| 0 eng d
035 ## - SYSTEM CONTROL NUMBER
System control number (Sirsi) u66857
041 ## - LANGUAGE CODE
Language code of text/sound track or separate title eng
245 ## - TITLE STATEMENT
Title Salomon v Akiens
260 ## - PUBLICATION, DISTRIBUTION, ETC.
Date of publication, distribution, etc. 1993
350 ## - PRICE (NR) (BK AM CF MU VM SE) [OBSOLETE]
Price 0
490 ## - SERIES STATEMENT
Series statement Estates Gazette
Volume/sequential designation 1993 14 EG 97-100(4)
520 ## - SUMMARY, ETC.
Summary, etc. CA 30 October 1992. Appeal by A against a CC decision granting a possession order to S. A, a tenant by assignment whose contractual lease expired on 29 September 1987 remained in possession under a continuation tenancy under Landlord and Tenant Act 1954 Part II. S served notice under s25 of the 1954 Act terminating the tenancy stating that grant of a new tenancy would be opposed on grounds of persistent delay in paying rent. A served a counternotice. Both parties continued to negotiate a new lease through solicitors with correspondence marked `subject to contract` and `subject to lease`. A`s solicitor failed to apply to the Court for a new lease. Use of the terms `subject to contract` and `contract to lease` did not mean that A could rely on S agreeing to a new lease. Appeal dismissed,
650 ## - SUBJECT ADDED ENTRY--TOPICAL TERM
Topical term or geographic name entry element LANDLORD AND TENANT ACT 1954
650 ## - SUBJECT ADDED ENTRY--TOPICAL TERM
Topical term or geographic name entry element LEASE RENEWAL
650 ## - SUBJECT ADDED ENTRY--TOPICAL TERM
Topical term or geographic name entry element POSSESSION ORDER
650 ## - SUBJECT ADDED ENTRY--TOPICAL TERM
Topical term or geographic name entry element SUBJECT TO CONTRACT
650 ## - SUBJECT ADDED ENTRY--TOPICAL TERM
Topical term or geographic name entry element SUBJECT TO LEASE
690 ## - LOCAL SUBJECT ADDED ENTRY--TOPICAL TERM (OCLC, RLIN)
Topical term or geographic name as entry element LANDLORD AND TENANT-CASE LAW-RESIDENTIAL TENANCIES
942 ## - ADDED ENTRY ELEMENTS (KOHA)
Suppress in OPAC 0
948 ## - LOCAL PROCESSING INFORMATION (OCLC); SERIES PART DESIGNATOR (RLIN)
c (OCLC) 04/03/1997
Holdings
Withdrawn status Lost status Source of classification or shelving scheme Damaged status Not for loan Home library Current library Shelving location Date acquired Total Checkouts Full call number Barcode Date last seen Copy number Price effective from Koha item type
    Dewey Decimal Classification     London London Journal article 14/09/1999   ABS48457 66857-1001 06/08/2019 1 06/08/2019 Law report